000 00870nam a2200265Ia 4500
003 OSt
005 20221005092110.0
006 a|||||r|||| 00| 0
007 ta
008 221004b |||||||| |||| 00| 0 eng d
020 _a9780415887984 (pbk)
_c2338.13
024 _a5178
037 _bCBS/17, 31/05/2013, Classic Book Service
_cTextual
040 _aCRL
_cCRL
_beng
041 _2eng
_aeng
082 _aR3xN:g, Q3
100 _aDuncan Stewart Ed.
_9616887
245 0 _aDebates in modern philosophy
_b Essential readings and contemporary responses
260 _aNew York
_bRoutledge
_c2013
300 _axxvi,386p.
_ccm.
650 _aPHILOSOPHY
700 _a LoLordo Antonia Ed.
_9616888
942 _hR3xN:g, Q3
_cTEXL
_2cc
999 _c998333
_d998333